000 00451pab a2200157 454500
008 180718b2007 xxu||||| |||| 00| 0 eng d
100 _aJensen, Robert
245 _aThe digital provide: information (technology), market performance, and welfare in the South Indian fisheries sector
260 _c2007
300 _ap.879-924.
362 _aAug
650 _aFisheries
773 _aQuarterly Journal of Economics
908 _aN
909 _a75776
999 _c75776
_d75776